| 000 | nam a22 a 4500 | ||
|---|---|---|---|
| 999 |
_c162642 _d162642 |
||
| 003 | BLK | ||
| 005 | 20230306165829.0 | ||
| 008 | 180410b bul|||||r ||||||| ||bul|| | ||
| 010 | _aKNG00170021000 | ||
| 040 | _aBLK | ||
| 041 |
_aBUL _cBUL |
||
| 080 |
_aБалет. Изпълнители, актьори _b792.8.071.2 _x(73)(092) _z792.8.071.2(73)(092) |
||
| 080 |
_aАмериканска литература (на САЩ) _b821.111(73) _x-94 _z821.111(73)-94 |
||
| 080 |
_aАмериканска танцьорка _b929 Дънкан, Айседора _z929 Дънкан, Айседора |
||
| 100 | 1 |
_aДънкан, Айседора _eпърви автор _9381868 |
|
| 139 |
_aДънкан, Айседора _bД 95 |
||
| 245 | 1 | 0 |
_aМоята изповед _bАвтобиогр. _cАйседора Дънкан; прев. от фр. Боян Дановски. |
| 250 | _a2. изд. | ||
| 257 | _aUSA | ||
| 260 |
_aПловдив _bХристо Г. Данов _c1992 |
||
| 300 |
_a247 с. _c21 см |
||
| 380 | _a7 | ||
| 490 |
_aДама пика _v1 _9207757 |
||
| 500 | _aПрев. от фр. изд. - Ориг. загл. на англ. - 1. изд. 1947 на изд. Хр. Чолчев в Най-хубавите кн. - Сер. 1, кн. 5. | ||
| 600 | 1 | 4 |
_aДънкан, Айседора _9381868 |
| 650 | 4 |
_aБалет, американски _9335710 |
|
| 650 | 4 |
_aБалетисти, американски _9260742 |
|
| 651 | 4 |
_aСАЩ _9179493 |
|
| 653 | _aбалет | ||
| 653 | _aбалетисти | ||
| 653 | _aАйседора Дънкан | ||
| 653 | _aавтобиографии | ||
| 700 | 1 |
_aДановски, Боян _eпрев. от фр. _9381117 |
|
| 852 |
_aЦб 170082 _bЦб |
||
| 856 | 4 |
_qpdf _i0.00 _ldisable |
|
| 856 | 4 |
_qpdf _i0.00 _ldisable |
|
| 942 |
_cKNG _n0 _01 _s1 |
||
| 944 |
_aCR _c23.01.2015 _l23.01.2015 - от С1,Р / 23.01.2015 _kКамелия_Данева |
||
| 944 |
_aED _c23.01.2015 _l23.01.2015 - от С1,Р / 23.01.2015 |
||
| 999 | _d162642 | ||